000 00446cam a2200181 4500
001 D9684
008 090401t1958 xxu||||| |||| 00| 0 eng d
035 _a(Sirsi) u21661
041 _aeng
050 _a692.5
100 _aWarland, D.E.
245 4 _aThe fundamentals of estimating for builders` work
260 _aLondon
_bUniversity of London Press Ltd
_c1958
300 _a200p. 22cm
350 _a2
942 _n0
948 _c04/03/1997
999 _c88028
_d88028